[Event "WYb18"]
[Site "Kemer TUR"]
[Date "2007.11.25"]
[Round "8"]
[White "Genzling,A"]
[Black "Soyek,R"]
[Result "1-0"]
[WhiteElo "2279"]
[BlackElo "2061"]

1.e4 e6 2.d4 d5 3.Nc3 Bb4 4.e5 Ne7 5.Qg4 O-O 6.Bd3 c5 7.Nf3 Nf5 8.Bg5 Qa5
9.Bf6 cxd4 10.Bxf5 g6 11.Qh4 Re8 12.Bd3 dxc3 13.b3 Bf8 14.Ng5 h6 15.Nxf7 Kxf7
16.Qg4  1-0

[Event "WYg16"]
[Site "Kemer TUR"]
[Date "2007.11.26"]
[Round "9"]
[White "Jorgensen,L"]
[Black "Korniyuk,M"]
[Result "0-1"]
[WhiteElo "1861"]
[BlackElo "2036"]

1.e4 e6 2.d4 d5 3.Nc3 Bb4 4.e5 Ne7 5.a3 Bxc3+ 6.bxc3 b6 7.Bd3 Ba6 8.Nf3 Bxd3
9.Qxd3 Nbc6 10.O-O Nf5 11.Bg5 Qd7 12.Nh4 Nce7 13.Bxe7 Nxe7 14.f4 g6 15.a4 Rc8
16.Rf2 c5 17.Nf3 h5 18.Rd2 Nf5 19.Kf2 cxd4 20.cxd4 Rc4 21.a5 b5 22.Rb1 a6
23.c3 Qc7 24.Rc2 Ke7 25.Rbc1 Rc8 26.h3 h4 27.Nd2 Rc6 28.Ke1 Ng3 29.Kd1 Qxa5
30.Nb3 Qa4 31.Nc5 Rxc5 32.dxc5 Qxf4 33.Ra2 Ne4 34.Rcc2 Nxc5 35.Qe2 Na4  0-1

[Event "20th Belgrade Trophy"]
[Site "Belgrade SRB"]
[Date "2007.11.27"]
[Round "6"]
[White "Petrovic,Mil"]
[Black "Starcevic,G"]
[Result "0-1"]
[WhiteElo "2025"]
[BlackElo "2241"]

1.e4 e6 2.d4 d5 3.Nc3 Bb4 4.e5 Ne7 5.Qg4 O-O 6.Bd3 Ng6 7.h4 f5 8.Qg3 Nh8
9.Bg5 Qe8 10.a3 Be7 11.Nh3 a6 12.Bh6 Qg6 13.Bg5 Qf7 14.h5 Bxg5 15.Qxg5 Qe8
16.Nf4 Nf7 17.Qg3 Nh6 18.O-O-O b5 19.f3 Nc6 20.Nce2 b4 21.a4 b3 22.cxb3 Na5
23.Bc2 Rb8 24.Rd3 Nc6 25.Rc3 Qd7 26.Qh3 Rb4 27.Rd1 Bb7 28.g4 Qe7 29.Kb1 fxg4
30.fxg4 Rxf4 31.Nxf4 Nxd4 32.Bxh7+ Kxh7 33.Qd3+ Kg8 34.Ng6 Qd8 35.Rf1 Nf7
36.h6 gxh6 37.Ne7+ Qxe7 38.Qg6+ Kf8 39.Qxh6+ Ke8 40.Qg6 Nc6 41.Rf6 Nxe5 42.Qg8+ Kd7  0-1

[Event "20th Belgrade Trophy"]
[Site "Belgrade SRB"]
[Date "2007.11.28"]
[Round "7"]
[White "Radovanovic,D"]
[Black "Karic,M"]
[Result "1-0"]
[WhiteElo "2327"]
[BlackElo "2168"]

1.e4 e6 2.d4 d5 3.Nc3 Bb4 4.e5 Ne7 5.a3 Bxc3+ 6.bxc3 c5 7.Nf3 Qa5 8.Bd2 c4
9.Qb1 Nbc6 10.a4 b6 11.g3 Bd7 12.h4 O-O-O 13.Bg2 Rdf8 14.O-O h6 15.Qb2 Kb7
16.Qa3 Nc8 17.Bf4 Ka8 18.Nd2 Qa6 19.Rfb1 Rd8 20.a5 Nxa5 21.Rb4 Qb7 22.Rab1 Bc6
23.h5 Rd7 24.g4 Qc7 25.Be3 a6 26.f4 Ka7 27.Ra1 Bb7 28.Rbb1 Qd8 29.Nf3 Qe7
30.Qb2 Qd8 31.Rf1 b5 32.Bf2 Kb8 33.f5 Nc6 34.Bh4 Qg8 35.Qc1 Nb6 36.Bg3 Na4
37.Qe3 Bc8 38.Nh4 Rb7 39.Kh2 Qd8 40.f6 Qf8 41.Kg1 Rg8 42.Kh2 g5 43.hxg6 fxg6
44.Rf2 Rh7 45.Bxd5 exd5 46.f7 Rgg7 47.e6+ Ka7 48.Qf4 Rh8 49.Qc7+ Bb7 50.Rxa4 bxa4
51.Bd6 Qd8 52.Bc5+ Ka8 53.Qxd8+ Rxd8 54.f8=Q  1-0

[Event "Four Nations Jr Teams"]
[Site "Oslo NOR"]
[Date "2007.12.01"]
[Round "2"]
[White "Hagen,Ande"]
[Black "Kalvaitis,S"]
[Result "0-1"]
[WhiteElo "2049"]
[BlackElo "2245"]

1.e4 e6 2.d4 d5 3.Nc3 Bb4 4.e5 Ne7 5.Qg4 c5 6.a3 Bxc3+ 7.bxc3 O-O 8.Bd3 Nbc6
9.Nf3 f5 10.exf6 Rxf6 11.Bg5 e5 12.Qg3 Rxf3 13.gxf3 c4 14.Be2 exd4 15.Rg1 Qf8
16.Qd6 Bf5 17.Bxe7 Nxe7 18.cxd4 Bxc2 19.Kd2 Bg6 20.Rg4 Rd8 21.Qc7 Rc8 22.Qxb7 c3+
23.Ke1 Qd8 24.Qxa7 Qd6 25.Rg5 c2 26.Rc1 Qf4 27.Rxc2 Bxc2 28.Rxg7+ Kxg7 29.Qxe7+ Kh8  0-1

[Event "Four Nations Jr Teams"]
[Site "Oslo NOR"]
[Date "2007.12.01"]
[Round "2"]
[White "Rhee,A"]
[Black "Rosberg,S"]
[Result "1-0"]
[WhiteElo "2109"]
[BlackElo "2213"]

1.e4 e6 2.d4 d5 3.Nc3 Bb4 4.e5 Qd7 5.Qg4 f5 6.Qg3 b6 7.Nf3 Ba6 8.Bxa6 Nxa6
9.O-O O-O-O 10.Ne2 Nb8 11.b3 h6 12.a3 Bf8 13.Qg6 Ne7 14.Qf7 g5 15.h4 g4 16.Ne1 Nec6
17.Qh5 Rh7 18.Nd3 Kb7 19.Ndf4 Na6 20.Rd1 Qe8 21.Ng3 Ncb8 22.c4 c6 23.Bb2 Nc7
24.Bc3 Nd7 25.Bb4 dxc4 26.bxc4 c5 27.Bc3 cxd4 28.Rxd4 Nc5 29.Rad1 Rxd4 30.Rxd4 Be7
31.Qxe8 Nxe8 32.Ng6 Kc8 33.Nh5 Nd7 34.Bb4 Nc5 35.Nhf4 Nc7 36.Nxe7+ Rxe7 37.Rd6 Rd7
38.Bxc5 bxc5 39.Rc6 Kb7 40.Rd6 Kc8 41.Rd3 Na8 42.Kf1 Nb6 43.Ke2 Rxd3 44.Nxd3 Nd7
45.f3 gxf3+ 46.Kxf3 Kd8 47.g4 fxg4+ 48.Kxg4 Ke7 49.Kh5 Nb6 50.Nb2 Nd7 51.Kxh6 Kf7
52.Kg5 Nxe5 53.h5 Kg7 54.h6+ Kf7 55.h7 Kg7 56.h8=Q+ Kxh8 57.Kf6 Nf3 58.Kxe6 Kg8
59.Kd6 Kf7 60.Kxc5 Ke7 61.Kc6 Nd4+ 62.Kb7 Kd6 63.Nd3 a5 64.Kb6 a4 65.Ka5 Kc6
66.Kxa4 Kb6 67.c5+ Kc6 68.Kb4 Nc2+ 69.Kb3 Nd4+ 70.Kc4 Ne6 71.Nb4+ Kc7 72.a4 Nd8
73.Kb5 Kb7 74.c6+ Nxc6 75.Nxc6 Ka8 76.Nb4 Ka7 77.Ka5 Kb7 78.Nd5 Ka7 79.Nc3 Kb7
80.Nb5 Ka8 81.Ka6 Kb8 82.Nd6 Ka8 83.Nc4  1-0

[Event "Open"]
[Site "Granada ESP"]
[Date "2007.12.08"]
[Round "7"]
[White "Saldano,H"]
[Black "Quillan,G"]
[Result "1-0"]
[WhiteElo "2452"]
[BlackElo "2359"]

1.e4 e6 2.d4 d5 3.Nc3 Bb4 4.e5 Ne7 5.a3 Bxc3+ 6.bxc3 c5 7.Bd3 Qc7 8.Nf3 b6
9.O-O Ba6 10.dxc5 bxc5 11.Bxa6 Nxa6 12.c4 d4 13.Bf4 h6 14.Nd2 Ng6 15.Bg3 O-O
16.Re1 Nb8 17.Qh5 Nd7 18.f4 Ne7 19.Ne4 Qc6 20.Qg4 Nf5 21.Bf2 Qa4 22.Qe2 Rab8
23.g4 Ne7 24.Rac1 Rb2 25.Red1 Rfb8 26.f5 exf5 27.gxf5 Nxf5 28.Qg4 Ne7 29.e6 f5
30.Qh4 Ng6 31.Qg3 Nde5 32.Nxc5 Qxc4 33.Bxd4 Rxc2 34.Rxc2 Qxc2 35.Rf1 Rb1
36.e7 Kf7 37.Rxb1 Qxb1+ 38.Kg2 Qb7+ 39.Nxb7  1-0

[Event "ch-Hafnarfjordur"]
[Site "Reykjavik ISL"]
[Date "2007.12.15"]
[Round "5"]
[White "Bjornsson,Si"]
[Black "Sigurjonsson,Si"]
[Result "1-0"]
[WhiteElo "2290"]
[BlackElo "1902"]

1.e4 e6 2.d4 d5 3.Nc3 Bb4 4.e5 Qd7 5.Bd2 b6 6.Bb5 c6 7.Ba4 a5 8.a3 Bf8 9.Nce2 Ba6
10.c3 Bb5 11.Bc2 a4 12.Nf3 Nh6 13.O-O Nf5 14.Re1 g6 15.Nf4 h5 16.Bxf5 gxf5
17.Ng5 h4 18.Nh5 Kd8 19.Nf6 Qe7 20.Ngh7 Kc8 21.Bg5 Qb7 22.Qh5 c5 23.Qxh4 Nc6
24.Ne8 Nxd4 25.Nxf8 Rxh4 26.Nd6+ Kc7 27.Nxb7 Rg4 28.cxd4 Kxb7 29.Be7 Rxd4
30.Rad1 Re4 31.Rxe4 fxe4 32.h4 Be2 33.Rd2 Bh5 34.Kh2 Kc6 35.Nh7 d4 36.Nf6 Bg6
37.h5 Rh8 38.g4 Kb5 39.Kg3 Bf5 40.gxf5 exf5 41.Kf4 Kc4 42.Kxf5 e3 43.fxe3 dxe3
44.Rc2+ Kd3 45.Rc3+ Kd2 46.Ne4+ Ke2 47.Bg5 Rxh5  1-0

[Event "7th Amplico AIG Life"]
[Site "Warsaw POL"]
[Date "2007.12.15"]
[Round "6"]
[White "Ganguly,S"]
[Black "Gdanski,J"]
[Result "1-0"]
[WhiteElo "2585"]
[BlackElo "2504"]

1.e4 e6 2.d4 d5 3.Nc3 Bb4 4.e5 Ne7 5.a3 Bxc3+ 6.bxc3 c5 7.Qg4 Qc7 8.Qxg7 Rg8
9.Qxh7 cxd4 10.Ne2 Nbc6 11.f4 Bd7 12.Qd3 dxc3 13.Rb1 O-O-O 14.Qxc3 d4 15.Nxd4 Nxd4
16.Qxd4 Bb5 17.Qf2 Bxf1 18.Rxf1 Qc6 19.g3 Nf5 20.Qf3 Rd5 21.c3 Rh8 22.Rf2 Qd7
23.Rfb2 Rd3 24.Qg2 Rd1+ 25.Kf2 Nh4 26.gxh4  1-0

[Event "Open A"]
[Site "Zadar CRO"]
[Date "2007.12.17"]
[Round "2"]
[White "Zelcic,R"]
[Black "Martinovic,Sa"]
[Result "1/2-1/2"]
[WhiteElo "2578"]
[BlackElo "2362"]

1.e4 e6 2.d4 d5 3.Nc3 Bb4 4.e5 Ne7 5.Nf3 c5 6.dxc5 Nbc6 7.Bd3 d4 8.a3 Ba5
9.b4 Nxb4 10.axb4 Bxb4 11.O-O Bxc3 12.Rb1 h6 13.Bb2 Bxb2 14.Rxb2 O-O 15.Be4 Qc7
16.Qxd4 Rd8 17.Qc4 Rb8 18.Bd3 Bd7 19.Re1 Bc6 20.Qf4 Qa5 21.Qe3 Rd5 22.h4 Qxc5
23.Qf4 Ng6 24.Bxg6 fxg6 25.Qg4 Kh7 26.h5 gxh5 27.Qxe6 Rf8 28.Qh3 Rd2 29.Re3 Rd1+
30.Kh2 Bxf3 31.gxf3 Rd2 32.Kg1 Rd1+ 33.Kh2 Rd2 34.Kg1  1/2-1/2

[Event "3rd ch-BIH"]
[Site "Sarajevo BIH"]
[Date "2007.12.18"]
[Round "1"]
[White "Predojevic,B"]
[Black "Saric,Ib"]
[Result "1/2-1/2"]
[WhiteElo "2645"]
[BlackElo "2541"]

1.e4 e6 2.d4 d5 3.Nc3 Bb4 4.e5 b6 5.a3 Bf8 6.Nf3 a5 7.h4 Ba6 8.h5 Qd7 9.Bxa6 Nxa6
10.Ne2 h6 11.O-O c5 12.c3 Ne7 13.Nf4 Nc6 14.Be3 a4 15.Nd2 cxd4 16.cxd4 Na5
17.Qe2 b5 18.Nd3 Nc4 19.f4  1/2-1/2

[Event "Open A"]
[Site "Zadar CRO"]
[Date "2007.12.19"]
[Round "6"]
[White "Dimitrov,Pa"]
[Black "Martinovic,Sa"]
[Result "0-1"]
[WhiteElo "2453"]
[BlackElo "2362"]

1.e4 e6 2.d4 d5 3.Nc3 Bb4 4.e5 Ne7 5.a3 Bxc3+ 6.bxc3 c5 7.Qg4 Qc7 8.Bd2 O-O
9.Bd3 c4 10.Be2 Nbc6 11.Nf3 f6 12.exf6 Rxf6 13.Qg3 e5 14.h4 Bf5 15.Nxe5 Nxe5
16.dxe5 Rg6 17.Qh2 Be4 18.f3 Bxc2 19.h5 Re6 20.h6 Qxe5 21.Qxe5 Rxe5 22.Bf4 Re6
23.Kf2 Re8 24.Bf1 Ng6 25.Bg3 Ne5 26.Bxe5 Rxe5 27.Ra2 Bg6 28.Rd2 Bf7 29.hxg7 Kxg7
30.Rh4 R8e6 31.f4 Rf5 32.g3 Ra6 33.Ra2 Rff6 34.Bg2 Rfb6 35.Ke3 Rb3 36.Kd4 Raxa3
37.Rc2 Ra1 38.f5 Rd1+ 39.Ke5 Re1+ 40.Kd4 Rbb1 41.Bf3 Rf1 42.Rf4 Kf6 43.Rh2 h5
44.Rd2 b6 45.Ke3 Rbe1+ 46.Be2 Rxf4 47.Kxf4 Rc1 48.Ra2 Rxc3 49.Rxa7 d4 50.Rb7 d3
51.Rxb6+ Kg7 52.Bf3 d2 53.Rd6 Rxf3+ 54.Kxf3 c3 55.Ke2 Bc4+ 56.Kd1 Bb3+ 57.Ke2 d1=Q+
58.Rxd1 Bxd1+ 59.Kxd1 Kf6 60.Kc2 Kxf5 61.Kxc3 Kg4  0-1

[Event "4th SICC Masters"]
[Site "Singapore SIN"]
[Date "2007.12.20"]
[Round "7"]
[White "Sukandar,I"]
[Black "Girinath,P"]
[Result "0-1"]
[WhiteElo "2275"]
[BlackElo "2448"]

1.e4 e6 2.d4 d5 3.Nc3 Bb4 4.e5 Qd7 5.a3 Bxc3+ 6.bxc3 b6 7.Bd3 Ba6 8.Ne2 Ne7
9.Ng3 Qc6 10.Bd2 Bxd3 11.cxd3 Nd7 12.Qg4 O-O 13.O-O f6 14.exf6 Nxf6 15.Qh3 Ng6
16.Rfe1 Rae8 17.Re2 Qb5 18.Nf1 Qb2 19.Ree1 e5 20.dxe5 Nxe5 21.Qg3 Nfd7 22.Rab1 Qc2
23.Bh6 Ng6 24.Rbc1 Qa4 25.Bg5 Qc6 26.h4 Nge5 27.h5 h6 28.Bf4 Qf6 29.Bxe5 Rxe5
30.d4 Rxh5 31.Re2 Qg5 32.Rce1 Nf6 33.c4 Ne4 34.Qxg5 Rxg5 35.cxd5 Nc3 36.Re7 Nxd5
37.Rd7 Rgf5 38.Ng3 Rg5 39.Re5 c6 40.Rxa7 Rxe5 41.dxe5 Re8 42.Nf5 Rxe5 43.g4 h5
44.Rxg7+ Kf8 45.Rg6 hxg4 46.Nh6 Ne7 47.Rxg4 Rh5 48.Rf4+ Ke8 49.Ng4 Rg5 50.f3 Nd5
51.Re4+ Kd7 52.Kf2 Kd6 53.Nh6 Kc5 54.Nf7 Rf5 55.Ne5 b5 56.Nd3+ Kd6 57.Nb4 c5
58.Nxd5 Kxd5 59.Ke3 Rf8 60.Ke2 c4 61.Rh4 Rf5 62.Ke3 Kc5 63.Rh8 Rd5 64.Ke2 c3
65.Rc8+ Kd4 66.f4 Rh5 67.Kd1 Kd3 68.Rd8+ Kc4 69.Rf8 Kb3 70.Rd8 Kc4 71.Rf8 Kb3
72.Ke2 c2 73.Kd2 Rd5+  0-1

[Event "Harmonie Open A"]
[Site "Groningen NED"]
[Date "2007.12.24"]
[Round "4"]
[White "Cako,L"]
[Black "Vinke,A"]
[Result "0-1"]
[WhiteElo "2168"]
[BlackElo "2173"]

1.e4 e6 2.d4 d5 3.Nc3 Bb4 4.e5 Ne7 5.a3 Bxc3+ 6.bxc3 b6 7.Nf3 Ba6 8.Bxa6 Nxa6
9.O-O Qd7 10.a4 Nb8 11.Qe2 Nbc6 12.c4 dxc4 13.Qxc4 Na5 14.Qe2 Qc6 15.Ba3 Nd5
16.Rfc1 Nc4 17.Bc5 bxc5 18.Qxc4 Rb8 19.Rab1 O-O 20.Rb5 Qa6 21.Rxc5 Qxc4 22.Rxc4 Rb2
23.Ne1 Rfb8 24.Nd3 Ra2 25.Kf1 Kf8 26.Ke1 Ke8 27.Nc5 Kd8 28.Kd1 a5 29.Nb3 Ra8
30.Ra1 Rxa1+ 31.Nxa1 Nb6 32.Rc3 Nxa4 33.Ra3 Nb2+ 34.Kc1 Nc4 35.Rf3 Ke7 36.Rc3 Nb6
37.Rxc7+ Ke8 38.Kb2 Rb8 39.Ra7 Nc8+  0-1

[Event "Harmonie Open A"]
[Site "Groningen NED"]
[Date "2007.12.24"]
[Round "4"]
[White "Spoelman,W"]
[Black "Heemskerk,W"]
[Result "1-0"]
[WhiteElo "2445"]
[BlackElo "2233"]

1.e4 e6 2.d4 d5 3.Nc3 Bb4 4.e5 b6 5.Qg4 Bf8 6.Nf3 Qd7 7.a3 Ba6 8.Bxa6 Nxa6
9.O-O Ne7 10.Ne2 O-O-O 11.b4 Kb7 12.c3 Nf5 13.a4 h5 14.Qf4 Nb8 15.b5 a5 16.bxa6+ Ka7
17.Ba3 Nc6 18.Bxf8 Rhxf8 19.Rfb1 Na5 20.Rb5 Ne7 21.Ng3 g6 22.Ng5 Nec6 23.Nf1 Kxa6
24.Nd2 Ra8 25.h4 Ka7 26.Rc1 Rad8 27.Kh2 Qe7 28.c4 dxc4 29.Nxc4 Nxc4 30.Rxc4 Na5
31.Rc2 c6 32.Rb1 Rd5 33.Rcb2 Rb8 34.Rb4 Rb7 35.Ne4 c5 36.Nd6 Qd7 37.dxc5  1-0

[Event "Harmonie Open A"]
[Site "Groningen NED"]
[Date "2007.12.26"]
[Round "5"]
[White "Kodentsov,G"]
[Black "Vogel,Ja"]
[Result "1/2-1/2"]
[WhiteElo "2307"]
[BlackElo "2218"]

1.e4 e6 2.d4 d5 3.Nc3 Bb4 4.e5 b6 5.a3 Bf8 6.Nf3 Ne7 7.h4 Qd7 8.Bb5 c6 9.Ba4 Ba6
10.Ne2 Bb5 11.Bxb5 cxb5 12.h5 h6 13.Qd3 Nbc6 14.Bd2 a5 15.b3 Na7 16.Rh3 Rc8
17.b4 Qc7 18.c3 Qc4 19.Qb1 g5 20.hxg6 Nxg6 21.Be3 Qc7 22.Nh4 Nxh4 23.Rxh4 Qc4
24.g4 Nc6 25.Bd2 Kd7 26.Rh5 Be7 27.Qa2 Qd3 28.Qb1 Qc4 29.Qa2 Qd3 30.Qb1 Qc4  1/2-1/2

[Event "16th Donau Open"]
[Site "Aschach Donau AUT"]
[Date "2007.12.28"]
[Round "4"]
[White "Wagner,Stef"]
[Black "Cifka,S"]
[Result "0-1"]
[WhiteElo "2103"]
[BlackElo "2406"]

1.e4 e6 2.d4 d5 3.Nc3 Bb4 4.e5 Ne7 5.a3 Bxc3+ 6.bxc3 c5 7.Qg4 Kf8 8.Bd3 Qa5
9.Bd2 Qa4 10.h4 Nbc6 11.Nf3 c4 12.Be2 Qxc2 13.O-O f6 14.exf6 gxf6 15.Qf4 Qf5
16.Qh6+ Ke8 17.Nh2 Rg8 18.Bh5+ Kd8 19.Bf7 Kc7 20.Bxg8 Nxg8 21.Qe3 Bd7 22.Nf3 e5
23.Rfe1 Re8 24.dxe5 fxe5 25.Qc5 Nf6 26.Qe3 Ng4 27.Qe2 Rg8 28.Ra2 Kc8 29.Be3 Qg6
30.g3 Bf5 31.Nh2 Nf6 32.h5 Nxh5 33.Rd2 Bd3 34.Qf3 Be4 35.Qe2 Nxg3 36.fxg3 Qxg3+
37.Kf1 Qh3+ 38.Kf2 Qg2+  0-1

[Event "Harmonie Open A"]
[Site "Groningen NED"]
[Date "2007.12.28"]
[Round "7"]
[White "Swinkels,R"]
[Black "De Jong,M"]
[Result "1/2-1/2"]
[WhiteElo "2433"]
[BlackElo "2341"]

1.e4 e6 2.d4 d5 3.Nc3 Bb4 4.e5 Ne7 5.a3 Bxc3+ 6.bxc3 b6 7.Qg4 Ng6 8.h4 h5
9.Qd1 Qd7 10.Bd3 Ba6 11.Bg5 Bxd3 12.cxd3 c5 13.Ne2 Nc6 14.Rc1 Rc8 15.O-O Nge7
16.Ng3 cxd4 17.cxd4 Nxd4 18.Rxc8+ Qxc8 19.Nxh5 Nef5 20.g4 Rxh5 21.gxh5 Qc3
22.Qa4+ Kf8 23.Qd7 Kg8 24.Qe8+ Kh7 25.Qxf7 Qxd3 26.Qg6+ Kh8 27.Qe8+ Kh7 28.Qg6+ Kh8
29.Rc1 Ne2+ 30.Kh2 Nxc1  1/2-1/2

[Event "37th Rilton Cup"]
[Site "Stockholm SWE"]
[Date "2008.01.03"]
[Round "7"]
[White "Berg,E"]
[Black "Karlsson,L"]
[Result "1-0"]
[WhiteElo "2593"]
[BlackElo "2485"]

1.e4 e6 2.d4 d5 3.Nc3 Bb4 4.e5 b6 5.a3 Bf8 6.Nf3 Ne7 7.h4 Qd7 8.Bb5 Nbc6
9.h5 h6 10.Ne2 a6 11.Bd3 a5 12.Nf4 Ba6 13.Bxa6 Rxa6 14.a4 Ra8 15.Qe2 Nb4
16.c3 Na6 17.O-O c6 18.b3 Nc8 19.Nh2 Nc7 20.Ng4 b5 21.Nd3 bxa4 22.bxa4 Nb6
23.Ne3 c5 24.Nxc5 Qc6 25.Qg4 Na6 26.Ba3 Nxc5 27.Bxc5 Nxa4 28.c4 Nxc5 29.cxd5 exd5
30.dxc5 a4 31.Nf5 a3 32.e6 Ra4 33.Rfb1 fxe6 34.Qg6+ Kd8 35.Rb8+ Kc7 36.Rab1 Ra7
37.Nd4 Qd7  1-0

[Event "Paul Keres Mem GMB"]
[Site "Tallinn EST"]
[Date "2008.01.07"]
[Round "2"]
[White "Gaponenko,I"]
[Black "Fomina,T"]
[Result "1/2-1/2"]
[WhiteElo "2422"]
[BlackElo "2254"]

1.e4 e6 2.d4 d5 3.Nc3 Bb4 4.e5 b6 5.a3 Bxc3+ 6.bxc3 Ba6 7.Bxa6 Nxa6 8.Qg4 g6
9.Qe2 Nb8 10.Nf3 Qd7 11.h4 h5 12.c4 Nc6 13.O-O Nge7 14.Bg5 O-O-O 15.c5 Kb7
16.Rfb1 Rb8 17.a4 Ka8 18.Qb5 Qe8 19.c3 Na5 20.Bc1 Nec6 21.cxb6 cxb6 22.Qd3 Nc4
23.Ng5 Ne7 24.Rb4 Nf5 25.g3 Qe7 26.Nf3 Rhc8 27.Kg2 Rb7 28.Bf4 Na5 29.Bd2 Nc4
30.Bf4 Na5  1/2-1/2

[Event "ITT"]
[Site "Villa Martelli Verano ARG"]
[Date "2008.01.11"]
[Round "8"]
[White "Obregon,A"]
[Black "De Dovitiis,A"]
[Result "1-0"]
[WhiteElo "2355"]
[BlackElo "2326"]

1.e4 e6 2.d4 d5 3.Nc3 Bb4 4.e5 Qd7 5.Bd2 b6 6.a3 Bxc3 7.bxc3 Ba6 8.Qg4 f5
9.Qg3 Bxf1 10.Kxf1 Nc6 11.Ne2 Na5 12.a4 Qf7 13.Nf4 Ne7 14.h4 O-O-O 15.Ke2 Nec6
16.h5 Rhg8 17.Qg5 h6 18.Qh4 Ne7 19.Rhg1 Rde8 20.g4 fxg4 21.Qxg4 Nf5 22.Qh3 Rgf8
23.Rg6 Qd7 24.Qd3 Kb7 25.Bc1 Rf7 26.Rb1 a6 27.Rb4 Nc6 28.Rb1 Na5 29.Rb4 Nc6
30.Rb1 Na5 31.Be3 Nh4 32.Rg4 Nf5 33.Rg6 Nh4 34.Rg4 Nf5 35.Ra1 Nc4 36.Bc1 Ref8
37.Ng6 Rc8 38.Nf4 Rcf8 39.Qh3 Qc6 40.Rg6 Re8 41.Kf1 Qd7 42.Kg1 Qc8 43.a5 Ka7
44.axb6+ cxb6 45.Qg4 Qc6 46.Nd3 Qd7 47.Qh3 a5 48.Kh1 Rc8 49.Rg1 Qc6 50.Rg6 Qd7
51.Ra2 Rc6 52.Kg1 Kb7 53.Ra1 Rc8 54.Nf4 Re8 55.Rg2 Ref8 56.Qg4 a4 57.Rh2 Ra8
58.Qg6 Re8 59.Rh1 Rfe7 60.Qg4 a3 61.Rxa3 Nxa3 62.Bxa3 Rf7 63.Kg2 Qa4 64.Qg6 Nxd4
65.Qxf7+  1-0

[Event "ch-VEN"]
[Site "San Felipe VEN"]
[Date "2008.01.13"]
[Round "2"]
[White "Duran,R"]
[Black "Sequera,J"]
[Result "1/2-1/2"]
[WhiteElo "2050"]
[BlackElo "2427"]

1.e4 e6 2.d4 d5 3.Nc3 Bb4 4.e5 b6 5.Qg4 Bf8 6.Nf3 Qd7 7.Bd3 Ba6 8.O-O Bxd3
9.cxd3 Ne7 10.Ne2 Nbc6 11.Bd2 O-O-O 12.b4 h5 13.Qh3 Nf5 14.b5 Nce7 15.a4 Kb7
16.Ra2 Ng6 17.Ng3 Be7 18.Nxf5 exf5 19.Ng5 Rdf8  1/2-1/2

[Event "6th Parsvnath Open"]
[Site "New Delhi IND"]
[Date "2008.01.14"]
[Round "3"]
[White "Shresta,B"]
[Black "Girinath,P"]
[Result "0-1"]
[WhiteElo "2116"]
[BlackElo "2430"]

1.e4 e6 2.d4 d5 3.Nc3 Bb4 4.e5 Qd7 5.a3 Bxc3+ 6.bxc3 b6 7.Bd3 Ba6 8.Qg4 f5
9.exf6 Nxf6 10.Qe2 Bxd3 11.cxd3 O-O 12.f4 c5 13.dxc5 bxc5 14.Nf3 Nc6 15.O-O Rab8
16.Ne5 Qc7 17.Re1 Nxe5 18.fxe5 Nd7 19.d4 Nb6 20.Rb1 cxd4 21.cxd4 Nc4 22.Rxb8 Qxb8
23.Qd3 Qe8 24.h3 Qh5 25.Rf1 Rxf1+ 26.Kxf1 Qh4 27.Ke2 Qh5+ 28.g4 Qf7 29.Qb1 Qc7
30.Qb5 Kf7 31.Kd1 Nb6 32.Qd3 Qc4 33.Qxc4 dxc4 34.Ke2 Ke8 35.Kf3 Nd5 36.Kg3 Kd7
37.g5 g6 38.Kf3 Kc6 39.Ke2 Ne7 40.Kd2 Kd5 41.Kc3 Nf5 42.a4 a6 43.Kb4 Nxd4
44.Bf4 Nc6+ 45.Kc3 Nxe5 46.Bc1 Nd3 47.Be3 e5 48.h4 e4 49.Ba7 a5 50.Bb6 Nc5
51.Bxa5 Nxa4+ 52.Kb4 Nc5 53.Bb6 Nd7 54.Be3 Ne5 55.Kc3 Ng4 56.Bf4 e3  0-1

[Event "ch-VEN"]
[Site "San Felipe VEN"]
[Date "2008.01.16"]
[Round "6"]
[White "Trujillo Villega,P"]
[Black "Ostos,J"]
[Result "0-1"]
[WhiteElo "2223"]
[BlackElo "2335"]

1.e4 e6 2.d4 d5 3.Nc3 Bb4 4.e5 Qd7 5.Qg4 f5 6.Qg3 b6 7.Bd3 Ba6 8.Ne2 Bxd3
9.Qxd3 c5 10.a3 Bxc3+ 11.bxc3 Nc6 12.h4 Nge7 13.h5 h6 14.a4 cxd4 15.cxd4 Na5
16.O-O g5 17.hxg6 Nxg6 18.Bd2 Nc4 19.Rab1 a6 20.Rb4 Rc8 21.Rfb1 Rc6 22.Bc1 Kd8
23.Ng3 h5 24.Bg5+ Kc7 25.Nf1 Kb7 26.Nd2 Nxd2 27.Bxd2 Ka7 28.Qb3 Qc7 29.Rc1 Rc8
30.Qg3 Qh7 31.Rb2 h4 32.Qb3 Qc7 33.Bb4 Qg7 34.Kf1 Nf4 35.Qf3 Qg4 36.a5 Qxf3
37.axb6+ Kb7 38.gxf3 Nd3 39.cxd3 Rxc1+ 40.Kg2 R1c2 41.Rb3 h3+ 42.Kxh3 Rg8
43.Ba5 Rcc8  0-1

[Event "6th Parsvnath Open"]
[Site "New Delhi IND"]
[Date "2008.01.17"]
[Round "7"]
[White "Rao J.,M"]
[Black "Kamble,V"]
[Result "1/2-1/2"]
[WhiteElo "2163"]
[BlackElo "2387"]

1.e4 e6 2.d4 d5 3.Nc3 Bb4 4.e5 Qd7 5.Qg4 f6 6.Nf3 b6 7.Bd3 f5 8.Qg3 Ba6 9.Bxa6 Nxa6
10.O-O Nh6 11.Ne2 Bf8 12.c3 Nf7 13.h4 c5 14.a3 c4 15.a4 Nd8 16.b3 cxb3 17.Nd2 b5
18.Qd3 Nc7 19.axb5 Qxb5 20.Qxb5+ Nxb5 21.Nxb3 Nc6 22.Na5 Nxa5 23.Rxa5 a6
24.Be3 Kd7 25.Rb1 Be7 26.g3 Rhb8 27.Rba1 Nc7 28.Kf1 Rb2 29.Bc1 Rb5 30.Ke1 Kc6
31.R5a2 Rab8 32.Kd1 g6 33.Kc2 Bf8 34.Nf4 R5b6 35.Nd3 Kb7 36.Ba3 Bxa3 37.Rxa3 Ka7
38.R3a2 h6 39.Nc5 Rc6 40.f3 Rg8 41.Rb1 Rb6 42.Rba1 g5 43.h5 g4 44.f4 Rc8
45.Kd3 Rc6 46.Ra4 Rb8 47.R4a2 Rb5 48.Rc1 Rcb6 49.Kc2 Rc6 50.Nd3 Kb6 51.Rca1 Ka7
52.Ra4 Rbb6 53.Nc5 Ne8 54.Nd7 Rb5 55.Nc5 Nc7 56.Nd3 Kb6 57.Nb2 Ka7 58.Nd3 Kb7
59.R4a2 Rcb6 60.Nb2 Kc6 61.Na4 Rb8 62.Nc5 a5 63.Nd3 Ra8 64.Ra4 Ne8 65.Nc5 Ng7
66.Rh1 Ra7 67.Rh2 Kb6 68.Ra1 Rc7 69.Kd3 Kc6 70.Ra4 Ra7 71.Ra1 Ra8 72.Rha2 Nxh5
73.Rh1 Nxg3 74.Rxh6 Rc8 75.Rxe6+ Kc7 76.Rg2 Ne4 77.Re7+ Kd8 78.Rd7+ Ke8 79.Rxd5 Nxc5+
80.dxc5 Rbxc5 81.Rxc5 Rxc5 82.Kd4 Rc7 83.c4 a4 84.Ra2 Ra7 85.Ra3 Kf7 86.Kd5 Rd7+
87.Kc5 Rd1 88.Rxa4 Rf1 89.Ra7+ Kg6 90.Ra6+ Kh5 91.Rf6 Rxf4 92.e6 Kg5 93.Rf8 Re4
94.Kd5 g3 95.c5 g2 96.Rg8+ Kf6 97.Rxg2 Re5+ 98.Kc4 Rxe6 99.Kb5 f4 100.c6 Re8
101.c7 Kf5 102.Kc6 f3 103.Rd2 Rc8 104.Rd8 Rxc7+ 105.Kxc7 Ke4 106.Kd6 f2 107.Rf8 Ke3  1/2-1/2

[Event "TCh-BEL 2007-8"]
[Site "Belgium BEL"]
[Date "2008.01.20"]
[Round "7"]
[White "Vandevoort,P"]
[Black "Dgebuadze,A"]
[Result "0-1"]
[WhiteElo "2383"]
[BlackElo "2512"]

1.e4 e6 2.d4 d5 3.Nc3 Bb4 4.e5 Ne7 5.a3 Bxc3+ 6.bxc3 c5 7.Qg4 O-O 8.Bd3 Nbc6
9.Qh5 Ng6 10.Nf3 Qc7 11.Be3 Nce7 12.h4 Bd7 13.Rb1 c4 14.Be2 f5 15.Bd2 Qc8
16.Qg5 Ba4 17.Bd1 h6 18.Qg3 Kh7 19.h5 Nh8 20.Qh4 Rf7 21.Ng1 a5 22.Nh3 b5
23.Nf4 Nc6 24.g4 fxg4 25.Rg1 Ne7 26.Bxg4 Nf5 27.Bxf5+ Rxf5 28.Qe7 Rf7 29.Qxe6 Rxf4
30.Qxd5 Rg4 31.Ke2 Bxc2 32.f3 Rxg1 33.Rxg1 Ra7 34.e6 Re7 35.Qe5 g5 36.d5 Qe8
37.Kf2 Qxh5 38.Bxg5 Ng6 39.Qf6 hxg5 40.Rxg5 Qh4+ 41.Kg1 Qe1+ 42.Kh2 Qh4+
43.Kg1 Rg7  0-1

[Event "Winter Open"]
[Site "Belgrade SRB"]
[Date "2008.01.24"]
[Round "3"]
[White "Brakus,D"]
[Black "Tasic,Z"]
[Result "0-1"]
[WhiteElo "2020"]
[BlackElo "2207"]

1.e4 e6 2.d4 d5 3.Nc3 Bb4 4.e5 Ne7 5.a3 Bxc3+ 6.bxc3 c5 7.a4 Qa5 8.Qd2 Nbc6
9.Nf3 cxd4 10.cxd4 Qxd2+ 11.Kxd2 Na5 12.Ba3 Bd7 13.Bb4 Nec6 14.Bd6 Rc8 15.Rb1 Nd8
16.Rb4 f6 17.exf6 gxf6 18.Bd3 Nf7 19.Bg3 O-O 20.Re1 Rfe8 21.Re3 Kg7 22.Kc1 Rc3
23.Kb2 Rec8 24.Nd2 b6 25.Nb1 R3c6 26.Nd2 Nd6 27.Bxd6 Rxd6 28.f4 Nc6  0-1

[Event "Winter Open"]
[Site "Belgrade SRB"]
[Date "2008.01.25"]
[Round "4"]
[White "Nestorovic,L"]
[Black "Kojovic,D"]
[Result "1-0"]
[WhiteElo "2234"]
[BlackElo "2444"]

1.e4 e6 2.d4 d5 3.Nc3 Bb4 4.e5 b6 5.a3 Bf8 6.Bb5+ c6 7.Ba4 Ba6 8.Nce2 Bb5
9.Bb3 c5 10.Nf3 Nc6 11.c3 Nge7 12.O-O Qd7 13.Re1 Nf5 14.Ng3 Nxg3 15.hxg3 h6
16.Bc2 Be7 17.b3 g5 18.Bb2 g4 19.Nd2 Bg5 20.c4 dxc4 21.bxc4 Bxd2 22.Qxd2 Bxc4
23.Qc3 Qxd4 24.Be4 Bd5 25.Qc1 Qa4 26.Bxd5 exd5 27.e6 d4 28.exf7+ Kd7 29.Qf4 Qb3
30.Qf5+ Kc7 31.Bc1 Rad8 32.Bxh6 Rxh6 33.Re8 Rh8 34.Rxh8 Rxh8 35.f8=Q Rxf8
36.Qxf8 Qe6 37.f4 c4 38.f5 Qe3+ 39.Kh2 c3 40.f6 c2 41.Qg7+ Kd6 42.f7  1-0

[Event "6th ch-PriFO Men"]
[Site "Kazan RUS"]
[Date "2008.01.27"]
[Round "5"]
[White "Shaposhnikov,E"]
[Black "Skomorokhin,R"]
[Result "1-0"]
[WhiteElo "2537"]
[BlackElo "2378"]

1.e4 e6 2.d4 d5 3.Nc3 Bb4 4.e5 Ne7 5.a3 Bxc3+ 6.bxc3 b6 7.Qg4 Ng6 8.h4 h5
9.Qd1 Qd7 10.Be2 Ba6 11.Bxh5 Qc6 12.Rh3 Nd7 13.Bg5 Ngf8 14.Qf3 g6 15.Bg4 Nh7
16.Qf4 Rg8 17.Be2 Bxe2 18.Nxe2 Qa4 19.Kd2 c5 20.dxc5 Nxc5 21.Qxa4+ Nxa4 22.Be3 Nb2
23.Bd4 Nc4+ 24.Ke1 g5 25.hxg5 Nxg5 26.Rh5 O-O-O 27.f3 Rdf8 28.Nf4 Kd7 29.Kf1 f6
30.Nd3 Rh8 31.Rxh8 Rxh8 32.Kf2 Nf7 33.exf6 e5 34.Be3 Ke6 35.f4 e4 36.Nb4 a5
37.Nc6 Nxe3 38.Kxe3 Rc8 39.Nd4+ Kxf6 40.Rb1 Rxc3+ 41.Kd2 Rxa3 42.Rxb6+ Ke7
43.g4 Rh3 44.Nf5+ Ke8 45.g5 Rh2+ 46.Ke3 Rg2 47.g6 Nd8 48.g7 Kd7 49.Ra6 a4
50.Nh6 d4+ 51.Kxe4 Nb7 52.Ra7  1-0

[Event "13th HIT Open A"]
[Site "Nova Gorica SLO"]
[Date "2008.01.29"]
[Round "6"]
[White "Kokol,P"]
[Black "Krumpacnik,D"]
[Result "1-0"]
[WhiteElo "2254"]
[BlackElo "2411"]

1.e4 e6 2.d4 d5 3.Nc3 Bb4 4.e5 Ne7 5.f4 c5 6.Bd2 Nf5 7.Nf3 cxd4 8.Nb5 Ne3
9.Qc1 Bc5 10.Nbxd4 Nxf1 11.Kxf1 O-O 12.Nb3 Bb6 13.g3 Nc6 14.Kg2 f6 15.Qe1 fxe5
16.fxe5 Bd7 17.h4 Qc7 18.Qe2 Rf5 19.Rhf1 Raf8 20.c3 Nxe5 21.Bf4 Qc4 22.Qxc4 Nxc4
23.Nbd4 Rxf4 24.gxf4 Ne3+ 25.Kg3 Nxf1+ 26.Rxf1 Bc7 27.Nd2 h6 28.h5 e5 29.fxe5 Bxe5+
30.Kh4 Bf4 31.N2f3 Rf6 32.Re1 Kf8 33.Ne5 Bg5+ 34.Kg3 Be8 35.Ng4 Rb6 36.Ne6+ Kf7
37.Nc7 Bc6 38.Ne5+ Kf6 39.Ng4+ Kf7 40.Ne5+ Kg8 41.Re2 Bb5 42.Nxb5 Rxb5 43.Kg4 Rb6
44.Ng6 Rd6 45.Re8+ Kf7 46.Rb8 Rb6 47.Kf5 Be7 48.Nh8+  1-0